000 00387pab a2200169 454500
008 180718b1995 xxu||||| |||| 00| 0 eng d
100 _aSlawner, Karen
245 _aViolence, law and justice
260 _c1995
300 _ap.459-78
362 _aOct-Dec
650 _aViolence - India
650 _aPolice - India
650 _aCrime
773 _aAlternatives
909 _a30220
999 _c30220
_d30220